000 00612nas a22001697a 4500
008 210325b th ||||| |||| 00| 0 tha d
022 _a15130673
041 0 _atha
245 1 0 _aวารสารวิจัย มหาวิทยาลัยรามคำแหง
260 3 _bมหาวิทยาลัยรามคำแหง
310 _aรายหกเดือน
850 _aNALT
942 _cJNR
997 _c45120
999 _c85120
_d85120